000 00716nam a2200253Ia 4500
003 OSt
005 20220925215202.0
006 a|||||r|||| 00| 0
007 ta
008 220923b |||||||| |||| 00| 0 eng d
037 _cGeneral Book
040 _aRTL
_cRTL
_beng
041 _2eng
_aeng
082 _aY:5.3.N6, L0
100 _aBenjamin Bernard
_9282349
245 0 _aPopulation census
260 _aLondon
_bHeinemann
_c1970
300 _aix,168p
_ccm.
490 _aSocial Science Research Council Review 7
500 _aBibliography: p 170; Appendixes: p 164-169
650 _aDemography
942 _hY:5.3.N6, L0
_cGB
_2CC
999 _c568145
_d568145